Statistics for Countries that Recognize Taiwan

Click here to take the quiz!

General Stats

  • This quiz has been taken 13 times
  • The average score is 13 of 15

Answer Stats

ContinentAnswer% Correct
North AmericaNicaragua
100%
North AmericaBelize
91%
North AmericaGuatemala
91%
North AmericaHonduras
91%
OceaniaMarshall Islands
91%
OceaniaNauru
91%
North AmericaSaint Kitts and Nevis
91%
OceaniaTuvalu
91%
North AmericaHaiti
82%
South AmericaParaguay
82%
North AmericaSaint Lucia
82%
North AmericaSaint Vincent and the Grenadines
82%
EuropeVatican City
82%
OceaniaPalau
73%
AfricaEswatini
55%

Score Distribution

Percentile by Number Answered

Percent of People with Each Score

Your Score History

You have not taken this quiz